| 000 | 00584pab a2200205 454500 | ||
|---|---|---|---|
| 008 | 180718b2005 xxu||||| |||| 00| 0 eng d | ||
| 100 | _aMoreno-Brid, Juan Carlos | ||
| 245 | _aIndustrialization and economic growth in Mexico after NAFTA: the road travelled | ||
| 260 | _c2005 | ||
| 300 | _ap.1095-119. | ||
| 362 | _aNov | ||
| 650 | _aNAFTA | ||
| 650 | _aIndustrialization - Mexico | ||
| 650 | _aEconomic growth - Mexico | ||
| 650 | _aEconomic growth | ||
| 700 | _aValdivia, Juan Carlos | ||
| 700 | _aSantamaria, Jesus | ||
| 773 | _aDevelopment and Change | ||
| 909 | _a68394 | ||
| 999 |
_c68394 _d68394 |
||